Statistics for Top NBA Players That Didn't Go To College

Click here to take the quiz!

General Stats

  • This quiz has been taken 568 times
  • The average score is 4 of 15

Answer Stats

HintAnswer% Correct
LeBron James
96%
Kobe Bryant
84%
Dwight Howard
50%
Kevin Garnett
48%
Tracy McGrady
23%
Moses Malone
18%
Josh Smith
14%
Jermaine O'Neal
12%
Marc Gasol
11%
Amarie Stoudemire
8%
Andrew Bynum
7%
Tyson Chandler
7%
Darryl Dawkins
6%
Monta Ellis
4%
Kendrick Perkins
2%

Score Distribution

Percentile by Number Answered

Percent of People with Each Score

Your Score History

You have not taken this quiz